Поэмы; Стихотворения; Стихотворения; На красном коне; Поэма Горы; Поэма Конца; Крысолов

Bibliografiske detaljer
Hovedforfatter: Цветаева М. И. Марина Ивановна
Sprog:russisk
Udgivet: Уфа, Башкирское книжное издательство, 1987
TOC:Стихотворения;
На красном коне;
Поэма Горы;
Поэма Конца;
Крысолов;
Fag:
Format: Bog
KOHA link:https://koha.lib.tpu.ru/cgi-bin/koha/opac-detail.pl?biblionumber=101123

MARC

LEADER 00000nam0a2200000 4500
001 101123
005 20231101214340.0
020 |a RU  |b 87-41420 
035 |a (RuTPU)RU\TPU\book\108881 
090 |a 101123 
100 |a 20060831d1987 m y0rusy5003 ca 
101 0 |a rus 
102 |a RU 
105 |a c z 000gy 
200 1 |a Поэмы; Стихотворения  |f Марина Цветаева 
210 |a Уфа  |c Башкирское книжное издательство  |d 1987 
215 |a 287 с.  |c портр.  |d 17 см 
464 |t Стихотворения 
464 |t На красном коне  |o Поэма 
464 |t Поэма Горы 
464 |t Поэма Конца 
464 |t Крысолов 
610 1 |a русская литература 
610 1 |a поэзия 
610 1 |a поэмы 
610 1 |a стихотворения 
675 |a Р2  |z rus 
700 1 |a Цветаева  |b М. И.  |c русская поэтесса  |f 1892-1941  |g Марина Ивановна  |2 stltpush  |3 (RuTPU)RU\TPU\pers\130  |9 76 
801 0 |a RU  |b RuMRKP  |c 19950417  |g psbo 
801 1 |a RU  |b 63413507  |c 20060831  |g PSBO 
801 2 |a RU  |b 63413507  |c 20170912  |g PSBO 
942 |c BK